Feestdagen in België - Statistieken

Algemene statistieken
  • Deze quiz is 48 keer genomen
  • De gemiddelde score is 4 van 9
Antwoordstatistieken
Hint Antwoord % Correct
Datum 21 juli
86%
Feestdag Nationale feestdag
81%
Datum 11 november
56%
Feestdag Wapenstilstand
56%
Feestdag Vlaamse feestdag
36%
Datum 11 juli
33%
Wat herdenken we De guldensporenslag
28%
Wat herdenken we Einde WO1
17%
Wat herdenken we Eedaflegging van Leopold
8%
Geen overeenkomende quizzen gevonden
Scoreverdeling
Procent van Mensen met Elke Score
Percentiel versus Aantal Correcte Antwoorden
Uw Scoregeschiedenis
U heeft deze quiz nog niet genomen